| 000 | 00478nam a22001337a 4500 | ||
|---|---|---|---|
| 040 | _cNUST | ||
| 082 | _a220 PRO | ||
| 100 |
_aNC Muhammad Arslan Amjad Qureshi NC Muhammad Hassan Ghafoor NC Muhammad Talha Saleem NC Muhammad Hashim _9103559 |
||
| 110 | _a Project Supervisor Dr. Fahad Mumtaz Malik | ||
| 245 | _aPR-SOF-2205-Path Planning of Autonomous Electric Vehicle | ||
| 260 |
_aIslamabad: _bNust College of EME, _c2022. |
||
| 650 |
_aDE-ELECT-40 _9103514 |
||
| 942 |
_2ddc _cPR |
||
| 999 |
_c592481 _d592481 |
||